Diet for a small planet / (Record no. 167117)

MARC details
000 -LEADER
fixed length control field 00782nam a22002177a 4500
005 - DATE AND TIME OF LATEST TRANSACTION
control field 20230502130023.0
008 - FIXED-LENGTH DATA ELEMENTS--GENERAL INFORMATION
fixed length control field 230502b ny |||||||| |||| 00| 0 eng d
020 ## - INTERNATIONAL STANDARD BOOK NUMBER
International Standard Book Number 0345247116195
050 04 - LIBRARY OF CONGRESS CALL NUMBER
Classification number TX392
Item number M66 1976
100 1# - MAIN ENTRY--PERSONAL NAME
Personal name Moore Lappé, Frances
Dates associated with a name 1944-
245 10 - TITLE STATEMENT
Title Diet for a small planet /
Statement of responsibility, etc Frances Moore Lappé ; illustrated by Kathleen Zimmerman and Ralph Iwamoto.
260 ## - PUBLICATION, DISTRIBUTION, ETC. (IMPRINT)
Place of publication, distribution, etc New York :
Name of publisher, distributor, etc Ballantine Books,
Date of publication, distribution, etc 1976
300 ## - PHYSICAL DESCRIPTION
Extent xix, 411 páginas :
Other physical details ilustraciones ;
Dimensions 18 cm.
490 ## - SERIES STATEMENT
Series statement Ballantine/cookbook
650 #7 - SUBJECT ADDED ENTRY--TOPICAL TERM
Source of heading or term lemb
Topical term or geographic name as entry element Vegetarianismo
650 #7 - SUBJECT ADDED ENTRY--TOPICAL TERM
Source of heading or term lemb
Topical term or geographic name as entry element Proteínas en la nutrición humana
650 #7 - SUBJECT ADDED ENTRY--TOPICAL TERM
Source of heading or term lemb
Topical term or geographic name as entry element Cocina vegetariana
700 1# - ADDED ENTRY--PERSONAL NAME
Personal name Zimmerman, Kathleen
Relator term ilustraciones
700 1# - ADDED ENTRY--PERSONAL NAME
Personal name Iwamoto, Ralph
Relator term ilustraciones
942 ## - ADDED ENTRY ELEMENTS (KOHA)
Source of classification or shelving scheme Biblioteca del Cogreso de los Estados Unidos
Koha item type Libro
Holdings
Estado de pérdida Fuente de clasificación Estado del daño No para préstamo Ubicación permanente Ubicación actual Apartado o colección Fecha de adquisición Edición Dependencia de educación superior (DES) Área del conocimiento Total Checkouts Clasificación Código de Barras Date last seen Número de copia Costo por reposición Tipo de recurso
  Biblioteca del Cogreso de los Estados Unidos     Biblioteca del Instituto de Investigaciones Históricas Biblioteca del Instituto de Investigaciones Históricas Fondo bibliográfico “Carolina Escudero de Múgica” 02/05/2023 6a impresi Humanidades Ingeniería y Tecnología   TX392 M66 1976 IIH000034530 02/05/2023 C:1 1.00 Libro